000 00585nam a2200229Ia 4500
003 OSt
005 20220918200625.0
006 a|||||r|||| 00| 0
007 ta
008 220917b |||||||| |||| 00| 0 eng d
024 _a89,592
037 _cTextual
040 _aARTS
_cARTS
_beng
041 _2eng
_aeng
082 _aU5:44Q7:N5, K6 (UD)
100 _aTayyeb A
_994903
245 0 _aPakistan
_b a political geography
260 _c1966
650 _aGEOPOLITICS
_940978
942 _hU5:44Q7:N5, K6 (UD)
_cTEXL
_2CC
999 _c213262
_d213262